| 000 | 00431nab a2200145Ia 4500 | ||
|---|---|---|---|
| 003 | ES-SlBCS | ||
| 005 | 20210601134052.0 | ||
| 008 | 140529s1987 xxu||||| |||| 00| 0 por d | ||
| 041 | _apor | ||
| 100 | 1 |
_aUllmann, Reinholdo Aloysio _9210184 |
|
| 245 | 0 | 2 |
_aA teologia de Epicuro _c Reinholdo Aloysio Ullmann |
| 600 | 0 | 4 |
_aEpicuro-Teología _9177101 |
| 773 | 0 |
_tVeritas _gvol. 32, nº. 128, 1987, págs. 499-510 _wRev488 |
|
| 942 | _cAR | ||
| 999 |
_c606579 _d606579 |
||